Hòn tuyết lăn 1 = The snowball : Tự truyện của Warren Buffett - Một doanh nhân vĩ đại và là một nhà hiền triết = Warren Buffett and the business of life

Sách kể về cuộc đời và sự nghiệp của Warren Buffett

保存先:
書誌詳細
第一著者: Schroeder, Alice
フォーマット: 図書
言語:Undetermined
出版事項: Thành phố Hồ Chí Minh Trẻ 2010
主題:
タグ: タグ追加
タグなし, このレコードへの初めてのタグを付けませんか!
Thư viện lưu trữ: Trung tâm Học liệu Trường Đại học Cần Thơ
LEADER 00960nam a2200241Ia 4500
001 CTU_158635
008 210402s9999 xx 000 0 und d
020 |c 198000 
082 |a 332.6092 
082 |b S381/T.1 
100 |a Schroeder, Alice 
245 0 |a Hòn tuyết lăn 1 = 
245 4 |b The snowball : Tự truyện của Warren Buffett - Một doanh nhân vĩ đại và là một nhà hiền triết = Warren Buffett and the business of life 
245 0 |c Alice Schroeder, Vương Bảo Long dịch 
260 |a Thành phố Hồ Chí Minh 
260 |b Trẻ 
260 |c 2010 
520 |a Sách kể về cuộc đời và sự nghiệp của Warren Buffett 
650 |a Capitalists and financiers,Investments,Business of life,Investments 
650 |x Biography 
650 |z United States,United States 
904 |i Bạch Trúc 
980 |a Trung tâm Học liệu Trường Đại học Cần Thơ